[Event "Let's Play Chess!"]
[Site "http://www.queenalice.com/game.php?id=225912"]
[Date "2007.6.16"]
[Round "-"]
[White "dtrainey"]
[Black "Pilgrimz"]
[Result "0-1"]
[WhiteElo "1517"]
[BlackElo "1725"]

1. d4 f5 2. Nc3 Nf6 3. Bf4 e6 4. a3 d5 5. Nf3 Bd6 6. Bxd6 cxd6 7. e3 O-O 8. Ng5
Nc6 9. Bb5 a6 10. Bxc6 bxc6 11. Qf3 Rb8 12. b4 Ng4 13. h3 Qxg5 14. Ne2 Nf6 15.
O-O Ne4 16. Rfd1 a5 17. c3 c5 18. Rab1 Ba6 19. Rb3 Bxe2 20. Qxe2 c4 21. Rb2 Nxc3
0-1

[Event "Challenge"]
[Site "http://www.queenalice.com/game.php?id=225918"]
[Date "2007.6.16"]
[Round "-"]
[White "Pilgrimz"]
[Black "Teltz"]
[Result "1-0"]
[WhiteElo "1660"]
[BlackElo "1729"]

1. e4 d6 2. d4 e6 3. Nc3 Nd7 4. Nf3 a6 5. Be2 h6 6. O-O Ne7 7. Be3 Ng6 8. d5
Nde5 9. Nd4 Qe7 10. f4 Nd7 11. dxe6 fxe6 12. Bh5 Qf6 13. f5 Kd8 14. Nxe6+ Ke7
15. Nd5+ 1-0

[Event "AUTO-OPEN-700"]
[Site "http://www.queenalice.com/game.php?id=225944"]
[Date "2007.6.16"]
[Round "1"]
[White "Gambitshark"]
[Black "Pilgrimz"]
[Result "1-0"]
[WhiteElo "2501"]
[BlackElo "1818"]

1. e4 e5 2. Nc3 Nf6 3. f4 d5 4. fxe5 Nxe4 5. Nf3 Be7 6. Qe2 f5 7. d3 Nxc3 8.
bxc3 O-O 9. g3 Nc6 10. Bg2 d4 11. c4 Bb4+ 12. Kf2 h6 13. Rb1 Re8 14. Bf4 a5 15.
Nh4 Ne7 16. Qh5 c6 17. Bxh6 gxh6 18. Qxh6 Ra6 19. e6 Rf8 20. Rhe1 1-0

[Event "AUTO-OPEN-700"]
[Site "http://www.queenalice.com/game.php?id=225945"]
[Date "2007.6.16"]
[Round "1"]
[White "Pilgrimz"]
[Black "Gambitshark"]
[Result "0-1"]
[WhiteElo "1818"]
[BlackElo "2500"]

1. e4 e6 2. d4 d5 3. Nd2 c5 4. exd5 exd5 5. Ngf3 Nf6 6. Bb5+ Bd7 7. Bxd7+ Nbxd7
8. O-O Be7 9. dxc5 Nxc5 10. Nb3 Ne6 11. Be3 O-O 12. Qd3 Qc7 13. Rfe1 Rad8 14. g3
Rfe8 15. Re2 Ne4 16. Nfd4 Bf6 17. Rae1 b6 18. Nxe6 fxe6 19. c3 Qc6 20. f3 Nc5
21. Nxc5 bxc5 0-1

[Event "AUTO-OPEN-700"]
[Site "http://www.queenalice.com/game.php?id=225966"]
[Date "2007.6.16"]
[Round "1"]
[White "lelinho"]
[Black "Pilgrimz"]
[Result "1-0"]
[WhiteElo "1236"]
[BlackElo "1688"]

1. d4 e5 2. dxe5 Nc6 3. Nf3 Qe7 4. e3 Nxe5 5. Be2 Nf6 6. b3 Nxf3+ 7. Bxf3 Qe5 8.
c3 d5 9. Bb2 Bf5 10. O-O O-O-O 11. Qd4 Bd6 12. Qxe5 Bxe5 13. Nd2 Ne4 14. Rfd1
Nxc3 15. Bxc3 Bxc3 16. Rac1 Bb2 17. Rc5 c6 18. h3 Kc7 19. Nb1 b6 20. Rcc1 Bxc1
21. Rxc1 Bxb1 22. Rxb1 d4 23. exd4 1-0

[Event "AUTO-OPEN-700"]
[Site "http://www.queenalice.com/game.php?id=225967"]
[Date "2007.6.16"]
[Round "1"]
[White "Pilgrimz"]
[Black "lelinho"]
[Result "1-0"]
[WhiteElo "1818"]
[BlackElo "1165"]

1. e4 c5 2. b4 cxb4 3. Nf3 d6 4. d4 Nc6 5. d5 Nb8 6. a3 Nf6 7. axb4 Nxe4 8. Bd3
Nf6 9. Nc3 g6 10. O-O Bg7 11. Be3 Nbd7 12. Bd4 O-O 13. Re1 Nb6 14. Ra5 Bd7 15.
Qa1 a6 16. b5 Nfxd5 17. Bxg7 1-0

[Event "AUTO-OPEN-700"]
[Site "http://www.queenalice.com/game.php?id=225980"]
[Date "2007.6.16"]
[Round "1"]
[White "Pilgrimz"]
[Black "QuickQuickSlow"]
[Result "0-1"]
[WhiteElo "1818"]
[BlackElo "2081"]

1. e4 c5 2. Nf3 d6 3. d4 cxd4 4. Nxd4 Nf6 5. Nc3 a6 6. Bc4 e6 7. O-O b5 8. Bd3
Bb7 9. f3 b4 10. Nce2 d5 11. e5 Nfd7 12. f4 Nc6 13. Be3 Bc5 14. c3 Qb6 15. Qd2
Nxd4 16. cxd4 Be7 17. f5 O-O-O 18. fxe6 fxe6 19. Rf7 Bf8 20. a4 b3 0-1

[Event "AUTO-OPEN-700"]
[Site "http://www.queenalice.com/game.php?id=225981"]
[Date "2007.6.16"]
[Round "1"]
[White "QuickQuickSlow"]
[Black "Pilgrimz"]
[Result "0-1"]
[WhiteElo "2014"]
[BlackElo "1789"]

1. e4 e5 2. Nc3 Nf6 3. f4 d5 4. fxe5 Nxe4 5. d3 Nxc3 6. bxc3 Nc6 7. d4 Qh4+ 8.
Ke2 Bg4+ 9. Nf3 f6 10. Qe1 Qh5 11. Kf2 Bxf3 12. gxf3 fxe5 13. dxe5 Bc5+ 14. Be3
Bxe3+ 15. Qxe3 O-O 0-1

[Event "Let's Play Chess!"]
[Site "http://www.queenalice.com/game.php?id=225997"]
[Date "2007.6.16"]
[Round "-"]
[White "ChrisDavison102"]
[Black "Pilgrimz"]
[Result "0-1"]
[WhiteElo "1938"]
[BlackElo "1735"]

1. e4 c5 2. Nf3 d6 3. d4 cxd4 4. Nxd4 Nf6 5. Nc3 a6 6. Be2 e5 7. Nf3 h6 8. Be3
Nc6 9. O-O Ng4 10. Bd2 Be7 11. h3 Nf6 12. Be3 Be6 13. Nd2 Nd4 14. Nf3 Nxe2+ 15.
Qxe2 Qc7 16. a4 Bc4 17. Qd2 Bxf1 18. Kxf1 Qc4+ 19. Qd3 Qxd3+ 20. cxd3 Bd8 21.
Rc1 Kd7 22. b4 Rc8 23. Ke2 Ke6 24. b5 Ba5 25. Bd2 Rc7 26. Nb1 Rxc1 27. Bxc1 axb5
28. axb5 Rc8 29. Be3 Rc2+ 30. Nbd2 d5 31. exd5+ Nxd5 32. d4 e4 33. Ne1 Ra2 0-1

[Event "Let's Play Chess!"]
[Site "http://www.queenalice.com/game.php?id=226002"]
[Date "2007.6.16"]
[Round "-"]
[White "Pilgrimz"]
[Black "dtrainey"]
[Result "1-0"]
[WhiteElo "1714"]
[BlackElo "1517"]

1. g3 d5 2. Bg2 c5 3. Nf3 Nc6 4. d4 Bf5 5. Nh4 e6 6. Nxf5 exf5 7. Nc3 a6 8. Be3
Bd6 9. dxc5 Be5 10. Nxd5 Qa5+ 11. c3 Nf6 12. Nxf6+ Bxf6 13. Qb3 Rb8 14. Bxc6+
Ke7 15. Bxb7 Rxb7 16. Qxb7+ 1-0

[Event "here comes a new challenger"]
[Site "http://www.queenalice.com/game.php?id=226021"]
[Date "2007.6.16"]
[Round "-"]
[White "Eternamente_Anjo"]
[Black "Pilgrimz"]
[Result "0-1"]
[WhiteElo "1867"]
[BlackElo "1766"]

1. e4 c5 2. Nf3 d6 3. d4 cxd4 4. Nxd4 Nf6 5. Nc3 a6 6. Be3 e5 7. Nb3 Be6 8. f3
Nbd7 9. Qd2 Be7 10. O-O-O O-O 11. Qf2 b5 12. g4 Bxg4 13. Rg1 Be6 14. Nd5 Nxd5
15. Bh6 Nf4 0-1

[Event "Challenge"]
[Site "http://www.queenalice.com/game.php?id=226097"]
[Date "2007.6.16"]
[Round "-"]
[White "roqqk"]
[Black "Pilgrimz"]
[Result "0-1"]
[WhiteElo "1216"]
[BlackElo "1282"]

1. e3 d5 2. Nc3 e5 3. Nf3 e4 4. Ne5 Nf6 5. b3 Bd6 6. f4 exf3 7. Nxf3 Nc6 8. Bb5
O-O 9. O-O Re8 10. Ng5 a6 11. Ba4 b5 12. Nxd5 Bxh2+ 13. Kxh2 Qxd5 14. Qf3 Qe5+
15. Kg1 Bd7 16. Qf4 Qxa1 17. Qxc7 bxa4 18. bxa4 Rab8 19. Rxf6 gxf6 20. Qxd7 Ne5
21. d4 Qxc1+ 22. Kh2 Nxd7 23. Ne4 Rxe4 24. Kg3 Qe1+ 25. Kf3 Qxe3# 0-1

[Event "Challenge"]
[Site "http://www.queenalice.com/game.php?id=226156"]
[Date "2007.6.16"]
[Round "-"]
[White "mbake5"]
[Black "Pilgrimz"]
[Result "1-0"]
[WhiteElo "1907"]
[BlackElo "1630"]

1. e4 e5 2. Nf3 Nc6 3. Bb5 Nf6 4. O-O Nxe4 5. d4 Nd6 6. Bxc6 dxc6 7. dxe5 Nf5 8.
Qe2 Nd4 9. Nxd4 Qxd4 10. Rd1 Bg4 11. Rxd4 Bxe2 12. Nc3 Bh5 13. Bf4 Bg6 14. Rd2
Rd8 15. Rad1 Rxd2 16. Rxd2 Bb4 17. Bg5 Be7 18. Bxe7 Kxe7 19. Ne2 Rf8 20. f4 f6
21. exf6+ Rxf6 22. Kf2 Rd6 23. Nd4 c5 24. Re2+ Kf6 25. Nf3 Bf5 26. c3 Bd3 27.
Re3 Bc4 28. b3 Bd5 29. c4 Bxf3 30. Kxf3 Rd2 31. Re2 Rd3+ 32. Ke4 Rd4+ 33. Ke3
1-0

[Event "AUTO-INT-492"]
[Site "http://www.queenalice.com/game.php?id=226423"]
[Date "2007.6.17"]
[Round "1"]
[White "drpehrson"]
[Black "Pilgrimz"]
[Result "1-0"]
[WhiteElo "1620"]
[BlackElo "1727"]

1. c4 b5 2. c5 e5 3. e3 Nc6 4. g3 Bb7 5. f3 b4 6. Bg2 Bxc5 7. Ne2 Nf6 8. O-O O-O
9. d3 Nd5 10. d4 exd4 11. Nxd4 Nxd4 12. exd4 Bb6 13. Re1 Re8 14. a3 Bxd4+ 15.
Kf1 Ba6+ 16. Re2 Bxe2+ 17. Qxe2 Rxe2 18. Kxe2 Qf6 19. Ra2 Qa6+ 20. Kd2 1-0

[Event "AUTO-INT-492"]
[Site "http://www.queenalice.com/game.php?id=226424"]
[Date "2007.6.17"]
[Round "1"]
[White "Pilgrimz"]
[Black "drpehrson"]
[Result "0-1"]
[WhiteElo "1707"]
[BlackElo "1640"]

1. e4 c5 2. Nf3 g6 3. d4 cxd4 4. Nxd4 a6 5. Nc3 e6 6. Be2 Bg7 7. O-O Ne7 8. Bg5
h6 9. Be3 d6 10. Qd2 Nbc6 11. Rad1 b5 12. Nxc6 Nxc6 13. Qxd6 Qxd6 14. Rxd6 Ne5
15. Rfd1 Bd7 16. f4 Nc6 17. Rxd7 O-O 18. e5 f6 19. R1d6 Rac8 0-1

[Event "AUTO-INT-492"]
[Site "http://www.queenalice.com/game.php?id=226437"]
[Date "2007.6.17"]
[Round "1"]
[White "plano99"]
[Black "Pilgrimz"]
[Result "1-0"]
[WhiteElo "1577"]
[BlackElo "1787"]

1. Nf3 d5 2. d4 Nf6 3. Nc3 Nc6 4. e3 g6 5. Bb5 Bg7 6. Ne5 Qd6 7. Nxc6 bxc6 8.
Bd3 O-O 9. f3 e5 10. dxe5 Qxe5 11. Qd2 Re8 12. O-O 1-0

[Event "AUTO-INT-492"]
[Site "http://www.queenalice.com/game.php?id=226438"]
[Date "2007.6.17"]
[Round "1"]
[White "Pilgrimz"]
[Black "plano99"]
[Result "0-1"]
[WhiteElo "1813"]
[BlackElo "1551"]

1. d4 d5 2. c4 Be6 3. Nc3 dxc4 4. Nf3 Nf6 5. e4 Bg4 6. e5 Nd5 7. Bxc4 Nxc3 8.
bxc3 e6 9. h3 Bxf3 10. Qxf3 Qe7 11. Qxb7 Nd7 12. Qxa8+ Qd8 0-1

[Event "AUTO-INT-492"]
[Site "http://www.queenalice.com/game.php?id=226445"]
[Date "2007.6.17"]
[Round "1"]
[White "pedroso"]
[Black "Pilgrimz"]
[Result "0-1"]
[WhiteElo "1320"]
[BlackElo "1349"]

1. e4 e5 2. Nf3 f5 3. Nc3 fxe4 4. Nxe4 d5 5. Ng3 e4 6. Nd4 Nf6 7. d3 Bc5 8. Be3
Bxd4 9. Bxd4 exd3 10. Bxd3 O-O 11. O-O Nc6 12. Bxf6 Rxf6 13. Qh5 Rh6 14. Qf3 Qd6
15. Nf5 Qxh2# 0-1

[Event "AUTO-INT-492"]
[Site "http://www.queenalice.com/game.php?id=226446"]
[Date "2007.6.17"]
[Round "1"]
[White "Pilgrimz"]
[Black "pedroso"]
[Result "1-0"]
[WhiteElo "1136"]
[BlackElo "1320"]

1. e4 e5 2. Nf3 Nc6 3. Bc4 Nf6 4. d3 d5 5. exd5 Nxd5 6. O-O Bg4 7. h3 Bxf3 8.
Qxf3 Nce7 9. Nc3 c6 10. Re1 b5 11. Bxd5 cxd5 12. Rxe5 g6 13. Nxd5 Bg7 14. Rxe7+
Kf8 15. Qxf7# 1-0

[Event "AUTO-ADV-547"]
[Site "http://www.queenalice.com/game.php?id=233786"]
[Date "2007.7.2"]
[Round "1"]
[White "Lorfman"]
[Black "Pilgrimz"]
[Result "1-0"]
[WhiteElo "1984"]
[BlackElo "1727"]

1. e4 e5 2. Nf3 Nc6 3. Bc4 Nf6 4. Ng5 d5 5. exd5 Na5 6. Bb5+ c6 7. dxc6 bxc6 8.
Be2 h6 9. Nf3 e4 10. Ne5 Bc5 11. c3 1-0

[Event "AUTO-ADV-547"]
[Site "http://www.queenalice.com/game.php?id=233787"]
[Date "2007.7.2"]
[Round "1"]
[White "Pilgrimz"]
[Black "Lorfman"]
[Result "0-1"]
[WhiteElo "1727"]
[BlackElo "1972"]

1. e4 c5 2. Nf3 Nc6 3. Nc3 Nf6 4. Bb5 g6 5. d4 cxd4 6. Nxd4 Bg7 7. Be3 Ng4 8.
Qxg4 Nxd4 9. Bxd4 Bxd4 10. Qg3 O-O 0-1

[Event "AUTO-ADV-547"]
[Site "http://www.queenalice.com/game.php?id=233808"]
[Date "2007.7.2"]
[Round "1"]
[White "toutey"]
[Black "Pilgrimz"]
[Result "1-0"]
[WhiteElo "1917"]
[BlackElo "1736"]

1. f4 g5 2. fxg5 e5 3. d4 Bg7 4. dxe5 Nc6 5. e4 Nxe5 6. Nc3 d6 7. Nf3 h6 8. Bb5+
c6 9. Be2 Nxf3+ 10. Bxf3 hxg5 11. O-O Qb6+ 12. Kh1 1-0

[Event "AUTO-ADV-547"]
[Site "http://www.queenalice.com/game.php?id=233809"]
[Date "2007.7.2"]
[Round "1"]
[White "Pilgrimz"]
[Black "toutey"]
[Result "0-1"]
[WhiteElo "1746"]
[BlackElo "1907"]

1. d4 d5 2. c4 e6 3. Nf3 Nf6 4. e3 c6 5. Nc3 Nbd7 6. Bd3 Bd6 7. Qb3 dxc4 8. Bxc4
b5 9. Bd3 O-O 10. Bd2 Bb7 11. O-O b4 12. Ne4 Nxe4 0-1